Marvel Tōkon: Fighting Souls Quiz - Statistics

General Stats
  • This quiz has been taken 7 times
  • The average score is 7 of 8
Answer Stats
Answer % Correct
Captain America
100%
Iron Man
100%
Storm
100%
Doctor Doom
83%
Ms. Marvel
83%
Spider-Man
83%
Star-Lord
83%
Ghost Rider
67%
No matching quizzes found
Score Distribution
Percent of People with Each Score
Percentile by Number Answered
Your Score History
You have not taken this quiz